000 00432nam a2200157Ia 4500
008 230917s9999||||xx |||||||||||||| ||und||
020 _cRS1
040 _e171457
_aMAIN
041 _aEnglish
082 _a891.431711 SS23P
100 _aशर्मा, सत्यवती
245 0 _aप्रथम सुमन
260 _aदिल्ली
_bआत्माराम
_c1955
300 _a44 पृ. p.
942 _cHN
999 _c217094
_d217094